Pièces de la maison (avancée) - Statistiques

Statistiques générales
  • Ce quiz a été pris 82 fois
  • Le résultat moyen est 6 sur 36
Statistiques - réponses
Hint Réponse % Correct
11 Cuisine
91%
23 Salle de bain
88%
1 Salon
88%
2 Salle à manger
64%
30 Garage
55%
13 Entrée
43%
29 Grenier
41%
12 Couloir
31%
32 Buanderie
28%
28 Bureau
28%
10 Escalier
12%
33 Atelier
1%
14 Terrasse arrière
1%
19 Chambre de Bastien
0%
18 Chambre de Loic
0%
21 Chambre de Papa et Maman
0%
20 Chambre de Yoann
0%
27 Clic clac
0%
8 Escalier cave exterieur
0%
9 Escalier cave intérieur
0%
0 Garage à vélo
0%
34 Garde-Bouffe
0%
16 Pente de garage
0%
0,5 Pente de Vélo
0%
22 Porte-manteau
0%
24 Salle de bain en haut
0%
15 Terrasse avant
0%
25 Toilettes bas
0%
26 Toilettes hauts
0%
31 Volière
0%
17 Zone 207
0%
6 Zone catalpa
0%
3 Zone figuier
0%
4 Zone noisetier
0%
7 Zone poubelle
0%
5 Zone quetschier
0%
Aucun quiz correspondant
Distribution des résultats
% des personnes avec chaque résultat
Percentile par nombre de réponses
Votre historique - résultats
Vous n’avez pas pris ce quiz